| 000 | 00446nam a2200169Ia 4500 | ||
|---|---|---|---|
| 001 | 69053 | ||
| 008 | 151103s9999||||xx |||||||||||||| ||und|| | ||
| 020 | _a9780719561122 | ||
| 040 | _cPK-LaUMT | ||
| 082 |
_a 956.1015 _bFIN-O |
||
| 100 | _aFinkel, Caroline | ||
| 245 |
_aOsman's dream _bthe story of the Ottoman Empire 1300-1923 _cFinkel, Caroline |
||
| 260 |
_aLondon,UK: _bJohn Murray, _c2005 |
||
| 300 | _a674 p. | ||
| 546 | _aEN | ||
| 942 | _cBK | ||
| 999 |
_c78073 _d78073 |
||